[Event "EU-chT Seniors 04th"]
[Site "Dresden"]
[Date "2002.02.15"]
[Round "1.1"]
[White "Hecht, Hans Joachim"]
[Black "Toothill, John"]
[Result "1/2-1/2"]
[WhiteElo "2411"]
[BlackElo "2192"]
[EventDate "2002.02.25"]
[PlyCount "85"]

1.d4 d5 2.c4 c6 3.Nf3 Nf6 4.e3 Bf5 5.cxd5 cxd5 6.Qb3 Qb6 7.Qxb6 axb6 8.Nc3
Nc6 9.Bd2 e6 10.Bb5 Bd6 11.Na4 Nd7 12.Rc1 Ke7 13.Nh4 Be4 14.Ke2 g5 15.f3 
Bg6 16.Nxg6+ hxg6 17.h3 Rhc8 18.Kf2 Bb4 19.Rhd1 Bxd2 20.Rxd2 Ra5 21.Nc3 
Na7 22.Bxd7 Kxd7 23.Rdc2 Nc6 24.a3 Raa8 25.Na2 f6 26.Ke2 Ne7 27.Nb4 Rxc2+ 
28.Rxc2 Nc6 29.Nd3 Kd6 30.Rc1 Ra5 31.Rc3 Ra8 32.Rc1 Ra4 33.Rh1 Rc4 34.Rc1 
Ra4 35.Kd2 Ra8 36.Rf1 Rg8 37.f4 gxf4 38.Rxf4 f5 39.Rh4 Rg7 40.Rh8 g5 41.
Rh6 f4 42.exf4 Nxd4 43.g4 1/2-1/2

[Event "EU-chT Seniors 04th"]
[Site "Dresden"]
[Date "2002.02.25"]
[Round "1.1"]
[White "Biebinger, Gerhard"]
[Black "Walke, Guenter"]
[Result "1-0"]
[WhiteElo "2383"]
[BlackElo "1773"]
[EventDate "2002.02.25"]
[PlyCount "91"]

1.Nf3 f5 2.g3 Nf6 3.Bg2 e6 4.O-O d5 5.c4 c6 6.b3 Bd6 7.Bb2 O-O 8.d3 Nbd7 
9.Nbd2 Qe8 10.e4 fxe4 11.dxe4 dxe4 12.Ng5 e3 13.fxe3 h6 14.Nge4 Nxe4 15.
Nxe4 Rxf1+ 16.Qxf1 Be7 17.Rd1 e5 18.Nd6 Bxd6 19.Rxd6 Nf6 20.c5 Bg4 21.h3 
Bh5 22.Qf5 Rd8 23.Rxd8 Qxd8 24.Bxe5 Qd1+ 25.Kh2 Bg4 26.Qf1 Qxf1 27.Bxf1 
Bf5 28.Bxf6 gxf6 29.g4 Bb1 30.a3 Kf7 31.Bc4+ Ke7 32.Kg3 b5 33.Be2 a5 34.b4
axb4 35.axb4 Be4 36.Kf4 Bg2 37.h4 Ke6 38.Bd1 Bd5 39.Bc2 Ba2 40.Bh7 Ke7 41.
Be4 Kd7 42.Bf5+ Ke7 43.e4 Bb3 44.e5 Bd5 45.exf6+ Kxf6 46.Be4 1-0

[Event "EU-chT Seniors 04th"]
[Site "Dresden"]
[Date "2002.02.25"]
[Round "1.1"]
[White "Delander, Adolf"]
[Black "Weber, Bernd"]
[Result "1/2-1/2"]
[WhiteElo "2252"]
[BlackElo "2119"]
[EventDate "2002.02.25"]
[PlyCount "63"]

1.d4 Nf6 2.Nf3 e6 3.c4 Bb4+ 4.Bd2 Qe7 5.e3 O-O 6.Be2 Bxd2+ 7.Qxd2 d6 8.Nc3
e5 9.d5 a5 10.O-O Bg4 11.e4 Nbd7 12.Ne1 Nc5 13.Bxg4 Nxg4 14.f3 Nf6 15.g4 
c6 16.Nd3 Nxd3 17.Qxd3 c5 18.Ne2 g6 19.Ng3 Nd7 20.Qd2 Qh4 21.Kg2 Nf6 22.h3
Ne8 23.f4 exf4 24.Qxf4 Qe7 25.Rae1 f6 26.a4 Qe5 27.Qxe5 fxe5 28.Rxf8+ Kxf8
29.Re3 b6 30.Rb3 Rb8 31.g5 Kg7 32.h4 1/2-1/2

[Event "EU-chT Seniors 04th"]
[Site "Dresden"]
[Date "2002.02.25"]
[Round "1.1"]
[White "Eiselt, Peter"]
[Black "Wunderer, Eckart"]
[Result "0-1"]
[WhiteElo "1832"]
[BlackElo "2190"]
[EventDate "2002.02.25"]
[PlyCount "46"]

1.c4 c5 2.Nf3 Nf6 3.d4 cxd4 4.Nxd4 e6 5.Nc3 Be7 6.e4 d6 7.Bd3 Nc6 8.Be3 
O-O 9.O-O Ne5 10.Be2 Bd7 11.f4 Ng6 12.Rc1 a6 13.Qd2 Rc8 14.Rfd1 Qc7 15.Kh1
Rfd8 16.b3 Qb8 17.Bf3 Nxf4 18.Bxf4 e5 19.Bg5 exd4 20.Qxd4 Bc6 21.Rd2 d5 
22.Bxf6 Bxf6 23.Qd3 d4 0-1

[Event "EU-chT Seniors 04th"]
[Site "Dresden"]
[Date "2002.02.25"]
[Round "1.1"]
[White "Just, Joachim"]
[Black "Johannessen, Svein"]
[Result "1/2-1/2"]
[WhiteElo "2198"]
[BlackElo "2279"]
[EventDate "2002.02.25"]
[PlyCount "35"]

1.Nf3 Nc6 2.d4 d5 3.Bf4 Bg4 4.e3 e6 5.Be2 Bd6 6.c3 Bxf4 7.exf4 Bxf3 8.Bxf3
Qf6 9.g3 g5 10.fxg5 Qxg5 11.Qd2 Qf6 12.Qe2 Nge7 13.Nd2 O-O-O 14.Bg4 Kb8 
15.f4 Nf5 16.Nf3 h5 17.Bxf5 Qxf5 18.O-O-O 1/2-1/2

[Event "EU-chT Seniors 04th"]
[Site "Dresden"]
[Date "2002.02.25"]
[Round "1.1"]
[White "Koksch, Guenther"]
[Black "Vasiukov, Evgeni"]
[Result "0-1"]
[WhiteElo "2168"]
[BlackElo "2524"]
[EventDate "2002.02.25"]
[PlyCount "114"]

1.d4 Nf6 2.Nc3 d5 3.Bg5 Nbd7 4.f3 c6 5.Qd2 Qa5 6.e4 dxe4 7.fxe4 e5 8.d5 
Bb4 9.dxc6 bxc6 10.Bd3 Nc5 11.Bxf6 gxf6 12.Nge2 Bg4 13.h3 Bxe2 14.Kxe2 Rg8
15.g4 Rd8 16.a3 Bxc3 17.Qxc3 Qxc3 18.bxc3 Ke7 19.Rab1 Rd6 20.Ke3 Rgd8 21.
Rhe1 Na4 22.Rb3 R8d7 23.c4 Nc5 24.Rc3 Rb7 25.Rf1 Rd8 26.Rf5 Rg8 27.Rh5 Rg7
28.Rh6 Rb8 29.Kf3 Rh8 30.Be2 Rg6 31.Rh5 Rg5 32.Rh6 Rg6 33.Rh5 h6 34.a4 a5 
35.Ra3 Rb8 36.c3 Rb1 37.Ke3 Kf8 38.Rf5 Ke7 39.Rh5 Re1 40.Kf2 Rc1 41.Ke3 
Kf8 42.Rf5 Rh1 43.Rh5 Kg7 44.Ra2 Rh2 45.Kf3 Rg5 46.Rh4 Ne6 47.Kg3 Rh1 48.
Bf3 Rc1 49.Ra3 Rc2 50.Bd1 Rd2 51.Bf3 Rb2 52.Bd1 Nf4 53.Bf3 Kh7 54.Ra1 Rb3 
55.Rd1 Rxc3 56.Rd6 Kg7 57.Rxc6 Ne2+ 0-1

[Event "EU-chT Seniors 04th"]
[Site "Dresden"]
[Date "2002.02.25"]
[Round "1.1"]
[White "Rosen, Willy"]
[Black "Denda, Ronald"]
[Result "1/2-1/2"]
[WhiteElo "2345"]
[BlackElo "1976"]
[EventDate "2002.02.25"]
[PlyCount "50"]

1.e4 e5 2.Nf3 Nc6 3.Bb5 a6 4.Ba4 d6 5.O-O Nf6 6.Re1 b5 7.Bb3 Bg4 8.c3 Be7 
9.d3 O-O 10.Nbd2 Qd7 11.h3 Be6 12.Bc2 Nd8 13.d4 exd4 14.cxd4 c6 15.Nf1 d5 
16.Ne5 Qb7 17.exd5 Bxd5 18.Bg5 Ne6 19.Bxf6 Bxf6 20.Ng4 Bxd4 21.Rxe6 Bxf2+ 
22.Nxf2 fxe6 23.Ne4 Rf4 24.Qd4 c5 25.Qe5 Rxe4 1/2-1/2

[Event "EU-chT Seniors 04th"]
[Site "Dresden"]
[Date "2002.02.25"]
[Round "1.1"]
[White "Schmidt, Gerhard"]
[Black "Turikov, Viktor"]
[Result "1/2-1/2"]
[WhiteElo "2219"]
[BlackElo "2351"]
[EventDate "2002.02.25"]
[PlyCount "100"]

1.d4 b6 2.Nf3 Bb7 3.c4 e6 4.e3 Nf6 5.Bd3 d5 6.O-O Be7 7.b3 O-O 8.Bb2 c5 9.
Qe2 Nc6 10.Nbd2 cxd4 11.Nxd4 Bc5 12.Nxc6 Bxc6 13.Rfd1 Qe7 14.Nf3 Rad8 15.
Rac1 Ba3 16.Ne5 Ba8 17.cxd5 Rxd5 18.Bc4 Ra5 19.f4 Nd5 20.Bxd5 Bxd5 21.Nc6 
Bxc6 22.Rxc6 Bxb2 23.Qxb2 e5 24.f5 Rc5 25.Rxc5 Qxc5 26.Qc1 Qa5 27.Qd2 Qa3 
28.h3 h6 29.e4 Rc8 30.Kh1 Qc5 31.f6 Qc2 32.fxg7 Kxg7 33.Qe1 Rc6 34.Qg3+ 
Rg6 35.Qxe5+ Kh7 36.Rg1 Qxa2 37.Qd5 Qf2 38.Qf5 Qxf5 39.exf5 Rg3 40.b4 Rb3 
41.Ra1 Rxb4 42.Rxa7 Kg7 43.Kh2 h5 44.Kg3 h4+ 45.Kf3 Kf6 46.Rb7 b5 47.Ke3 
Rb1 48.Kf4 Rb4+ 49.Ke3 Kxf5 50.Rxf7+ Ke5 1/2-1/2

[Event "EU-chT Seniors 04th"]
[Site "Dresden"]
[Date "2002.02.25"]
[Round "1.1"]
[White "Stavenhagen, Johannes"]
[Black "Boehnisch, Manfred"]
[Result "0-1"]
[WhiteElo "1849"]
[BlackElo "2354"]
[EventDate "2002.02.25"]
[PlyCount "84"]

1.d4 d5 2.c4 c6 3.cxd5 cxd5 4.Nc3 Nf6 5.Bf4 Nc6 6.e3 a6 7.Bd3 Bg4 8.f3 Bh5
9.Qb3 Na5 10.Qa4+ b5 11.Bxb5+ axb5 12.Nxb5 e5 13.Nc7+ Ke7 14.Bxe5 Ra7 15.
Rc1 Ne8 16.Qb4+ Nd6 17.Qb6 Nc8 18.Qc5+ Kd7 19.Qxd5+ Ke7 20.Qc5+ Kd7 21.
Qb5+ Ke7 22.Nd5+ Ke6 23.Nf4+ Ke7 24.Nxh5 f6 25.Bb8 Rb7 26.Qc5+ Kf7 27.Qxc8
Bb4+ 28.Kf2 Qxc8 29.Rxc8 Rxc8 30.Bg3 Rc1 31.f4 g6 32.Nxf6 Kxf6 33.Bh4+ Kf7
34.Kf3 Bd2 35.b3 Rbc7 36.Bf2 R7c2 37.h4 Rxa2 38.h5 Rf1 39.hxg6+ Kxg6 40.
Ke2 Rb1 41.f5+ Kxf5 42.Rxh7 Be1+ 0-1

[Event "EU-chT Seniors 04th"]
[Site "Dresden"]
[Date "2002.02.25"]
[Round "1.1"]
[White "Uhlmann, Wolfgang"]
[Black "Neukirch, Detlef"]
[Result "1/2-1/2"]
[WhiteElo "2458"]
[BlackElo "2295"]
[EventDate "2002.02.25"]
[PlyCount "88"]

1.c4 c5 2.Nf3 Nf6 3.Nc3 e6 4.g3 b6 5.Bg2 Bb7 6.d4 cxd4 7.Qxd4 d6 8.O-O 
Nbd7 9.e4 a6 10.Qe3 Rc8 11.b3 Be7 12.Nd4 O-O 13.Bb2 Qc7 14.Rfe1 Rfe8 15.h3
Bf8 16.Rad1 g6 17.Qe2 Qb8 18.g4 Bg7 19.f3 Ne5 $6 20.Qf2 
    ( 20.f4 $1 )
20...Nfd7 21.Ba1 
    ( 21.f4 Nc6 22.Nxc6 Bxc6 23.e5 )
21...g5 22.Qd2 h6 23.Nde2 Bf8 24.f4 gxf4 25.Nxf4 Nf6 26.a4 Red8 27.Kh1 Bg7
28.Bb2 Qa8 29.Qe2 Qb8 30.Ba3 Rd7 31.Rf1 Qc7 32.Qe3 Bc6 33.Rd2 Rcd8 34.Rfd1
Qb8 35.Nfe2 Ba8 36.Qg3 b5 $1 37.axb5 axb5 38.cxb5 d5 39.exd5 Nxd5 40.Nxd5 
Bxd5 41.Bxd5 Rxd5 42.Rxd5 Rxd5 43.Rxd5 exd5 
    ( 43...Qa8 44.Qg2 exd5 45.Bd6 )
44.Bb2 
    ( 44.Nd4 Qa7 45.Bb2 Qa2 46.Bc3 Qb1+ )
44...Qxb5 1/2-1/2

[Event "EU-chT Seniors 04th"]
[Site "Dresden"]
[Date "2002.02.25"]
[Round "1.1"]
[White "Zingler, Max"]
[Black "Littlewood, John Eric"]
[Result "1/2-1/2"]
[WhiteElo "2089"]
[BlackElo "2305"]
[EventDate "2002.02.25"]
[PlyCount "42"]

1.d4 d5 2.Nf3 g6 3.g3 Bg7 4.Bg2 Nf6 5.O-O O-O 6.Nc3 c5 7.dxc5 Na6 8.Bg5 
Nxc5 9.Bxf6 Bxf6 10.Qxd5 Qb6 11.Qc4 Be6 12.Nd5 Bxd5 13.Qxd5 Rac8 14.Rab1 
Qa6 15.Rfd1 e6 16.Qd2 Rfd8 17.Qf4 Rxd1+ 18.Rxd1 Bxb2 19.Ng5 f6 20.Ne4 Nxe4
21.Qxe4 f5 1/2-1/2

[Event "EU-chT Seniors 04th"]
[Site "Dresden"]
[Date "2002.02.25"]
[Round "1.2"]
[White "Chernikov, Oleg L"]
[Black "Meier, Wolfgang"]
[Result "1-0"]
[WhiteElo "2460"]
[BlackElo "2102"]
[EventDate "2002.02.25"]
[PlyCount "71"]

1.Nf3 Nf6 2.c4 g6 3.d4 Bg7 4.Nc3 d5 5.Bg5 Ne4 6.cxd5 Nxc3 7.bxc3 Qxd5 8.e3
Bg4 9.Rb1 Bxf3 10.Qxf3 Qxf3 11.gxf3 b6 12.a4 Nd7 13.a5 f6 14.Bh4 c6 15.Ba6
Rb8 16.Bg3 e5 17.f4 bxa5 18.Rb7 exd4 19.cxd4 f5 20.Ke2 Rxb7 21.Bxb7 c5 22.
Ra1 cxd4 23.Rxa5 dxe3 24.Bc6 Ke7 25.Bxd7 Rd8 26.Bb5 Rb8 27.fxe3 Rb7 28.Be1
Bf6 29.Bb4+ Kf7 30.Bc5 a6 31.Bc4+ Kg7 32.Rxa6 Rb2+ 33.Kd3 Rxh2 34.Ra7+ Kh6
35.Ra8 Kg7 36.Bf8+ 1-0

[Event "EU-chT Seniors 04th"]
[Site "Dresden"]
[Date "2002.02.25"]
[Round "1.2"]
[White "Ehlert, Joachim"]
[Black "Villing, Dieter"]
[Result "1/2-1/2"]
[WhiteElo "1756"]
[BlackElo "2231"]
[EventDate "2002.02.25"]
[PlyCount "63"]

1.e4 c5 2.Nf3 Nc6 3.d4 cxd4 4.Nxd4 Nf6 5.Nc3 e5 6.Nf3 Bb4 7.Bc4 O-O 8.Qd3 
d5 9.Bxd5 Nxd5 10.Qxd5 Nd4 11.O-O Bxc3 12.bxc3 Qxd5 13.exd5 Ne2+ 14.Kh1 e4
15.Nd2 Nxc3 16.d6 Be6 17.Bb2 Rac8 18.Ba3 Rfd8 19.Rfe1 f5 20.f3 Bd5 21.fxe4
Bxe4 22.Nxe4 Nxe4 23.Re2 Nxd6 24.Re7 Ne4 25.Bb2 Rxc2 26.Rxg7+ Kf8 27.Rxb7 
Rdd2 28.Be5 Nf2+ 29.Kg1 Ng4 30.Bg3 Rxg2+ 31.Kh1 Rgd2 32.Rxa7 1/2-1/2

[Event "EU-chT Seniors 04th"]
[Site "Dresden"]
[Date "2002.02.25"]
[Round "1.2"]
[White "Farrand, Julian"]
[Black "Opl, Klaus"]
[Result "0-1"]
[WhiteElo "2096"]
[BlackElo "2263"]
[EventDate "2002.02.25"]
[PlyCount "104"]

1.d4 f5 2.e4 fxe4 3.Nc3 Nf6 4.Bg5 c6 5.Bxf6 exf6 6.Nxe4 d5 7.Ng3 Bd6 8.Bd3
O-O 9.Qh5 g6 10.Qh6 Qc7 11.N1e2 Be6 12.O-O-O c5 13.dxc5 Bxc5 14.Nf4 Qf7 
15.Rhe1 Bd7 16.Rd2 Nc6 17.Nxd5 Ne5 18.Rxe5 fxe5 19.Bc4 Be6 20.Ne4 Be7 21.
Ng5 
    ( 21.Nxe7+ Qxe7 22.Bxe6+ Qxe6 23.Qxh7+ Kxh7 24.Ng5+ Kh6 25.Nxe6 Rf7 
    26.f3 $14 )
21...Bxg5 22.Qxg5 Rae8 23.Qxe5 Bxd5 24.Qxd5 Qxd5 25.Bxd5+ Kg7 26.b3 b6 27.
f3 Re1+ 28.Kb2 Rd8 29.c4 g5 30.Kc2 Kf6 31.Kc3 h5 32.h3 h4 33.Kd3 Ke5 34.
Kc3 Kf4 35.Rd4+ Ke5 36.Rg4 Kf5 37.f4 Re3+ 38.Kd4 Re4+ 39.Kd3 Rxf4 40.Rxf4+
Kxf4 41.Kd4 Re8 42.b4 Re2 43.a4 Rd2+ 44.Kc3 Ke3 45.Bf3 Rd3+ 46.Kb2 Kd4 47.
Bd5 a5 48.bxa5 bxa5 49.Kc2 Ra3 50.Kb2 Rxa4 51.Kb3 Rb4+ 52.Ka3 Rxc4 0-1

[Event "EU-chT Seniors 04th"]
[Site "Dresden"]
[Date "2002.02.25"]
[Round "1.2"]
[White "Fischer, Ernst"]
[Black "Andrich, Hans Ludwig"]
[Result "1-0"]
[WhiteElo "2155"]
[BlackElo "1692"]
[EventDate "2002.02.25"]
[PlyCount "51"]

1.e4 d6 2.d4 Nf6 3.Nc3 g6 4.Be3 Bg7 5.f3 O-O 6.Qd2 c6 7.g4 Nbd7 8.h4 h5 9.
Be2 e5 10.dxe5 dxe5 11.g5 Ne8 12.Bc5 Qc7 13.Bxf8 Bxf8 14.Bf1 b5 15.Bh3 Nd6
16.b3 a5 17.a4 b4 18.Nd1 Nb7 19.Nb2 Nbc5 20.O-O-O Ne6 21.Bxe6 fxe6 22.Nh3 
Bc5 23.f4 Bd4 24.Nc4 Qa7 25.fxe5 Bc3 26.Qd6 1-0

[Event "EU-chT Seniors 04th"]
[Site "Dresden"]
[Date "2002.02.25"]
[Round "1.2"]
[White "Hoen, Ragnar Harald"]
[Black "Werchan, Hans"]
[Result "1/2-1/2"]
[WhiteElo "2311"]
[BlackElo "2139"]
[EventDate "2002.02.25"]
[PlyCount "38"]

1.e4 c5 2.Nf3 d6 3.d4 cxd4 4.Nxd4 Nf6 5.Nc3 a6 6.Bc4 e6 7.Bb3 b5 8.a3 Bb7 
9.Bg5 Nbd7 10.O-O Nc5 11.Re1 Be7 12.Ba2 O-O 13.Bxf6 Bxf6 14.Qd2 Qb6 15.
Rad1 Rfd8 16.Qe3 Rac8 17.b4 Nd7 18.Nce2 Ne5 19.h3 Nc4 1/2-1/2

[Event "EU-chT Seniors 04th"]
[Site "Dresden"]
[Date "2002.02.25"]
[Round "1.2"]
[White "Richardson, Keith B"]
[Black "Lippitsch, Paul"]
[Result "1/2-1/2"]
[WhiteElo "2208"]
[BlackElo "1971"]
[EventDate "2002.02.25"]
[PlyCount "62"]

1.e4 e6 2.d4 d5 3.e5 c5 4.c3 Nc6 5.Be3 Qb6 6.Qd2 cxd4 7.cxd4 Nge7 8.Bd3 
Nb4 9.Be2 Bd7 10.Nc3 Nf5 11.Nf3 Be7 12.O-O O-O 13.a3 Nc6 14.b4 a6 15.Na4 
Qd8 16.Nc5 Bc8 17.Rac1 Qe8 18.Qc2 Bxc5 19.Qxc5 Qe7 20.Qxe7 Nfxe7 21.Nd2 b6
22.Nb3 Bb7 23.f4 Rac8 24.g4 f5 25.h3 g6 26.Kg2 Kf7 27.g5 Nb8 28.a4 Rxc1 
29.Rxc1 Rc8 30.Rxc8 Bxc8 31.b5 a5 1/2-1/2

[Event "EU-chT Seniors 04th"]
[Site "Dresden"]
[Date "2002.02.25"]
[Round "1.2"]
[White "Rudnik, Heinz"]
[Black "Baumgartner, Heinz"]
[Result "0-1"]
[WhiteElo "2052"]
[BlackElo "2337"]
[EventDate "2002.02.25"]
[PlyCount "66"]

1.e4 d5 2.exd5 Qxd5 3.Nc3 Qa5 4.b3 e5 5.Bb2 Nf6 6.Qe2 Nc6 7.Qb5 Bb4 8.a3 
Bd6 9.Qxa5 Nxa5 10.Nb5 Bf5 11.d3 O-O 12.Nxd6 cxd6 13.Ne2 Rac8 14.Kd2 Rc7 
15.Ng3 Be6 16.b4 Rfc8 17.Rc1 Nc6 18.c3 d5 19.Be2 Nd7 20.Rhf1 f5 21.f4 e4 
22.dxe4 dxe4 23.c4 a5 24.Bc3 axb4 25.axb4 Nb6 26.b5 Ne7 27.Nh5 Nxc4+ 28.
Bxc4 Bxc4 29.Rfd1 Bb3 30.Rg1 Nd5 31.Bd4 Rc2+ 32.Rxc2 Rxc2+ 33.Ke1 e3 0-1

[Event "EU-chT Seniors 04th"]
[Site "Dresden"]
[Date "2002.02.25"]
[Round "1.2"]
[White "Schwertel, Hans"]
[Black "Nautsch, Werner"]
[Result "0-1"]
[WhiteElo "2073"]
[BlackElo "2264"]
[EventDate "2002.02.25"]
[PlyCount "108"]

1.d4 d6 2.Nf3 g6 3.c3 Bg7 4.Bf4 Nd7 5.e3 Ngf6 6.Be2 O-O 7.O-O Nh5 8.Bg5 h6
9.Bh4 g5 10.Bg3 Nxg3 11.hxg3 e5 12.dxe5 Nxe5 13.Nxe5 Bxe5 14.Nd2 d5 15.Nb3
c6 16.Nd4 c5 17.Nb3 b6 18.Nd2 Bg7 19.Bf3 Be6 20.Qc2 Rc8 21.Rac1 b5 22.Rfd1
Qb6 23.b3 Rfd8 24.Nf1 b4 25.cxb4 Qxb4 26.Qd3 a5 27.Nd2 c4 28.bxc4 dxc4 29.
Qc2 Bb2 30.Rb1 c3 31.Ne4 Bxa2 32.Rxd8+ Rxd8 33.Rd1 Rxd1+ 34.Qxd1 Qb6 35.
Qa4 Kf8 36.Nxc3 Bb3 37.Nd5 Bxa4 38.Nxb6 Bb3 39.Bc6 Ke7 40.Bb5 f6 41.Kf1 
Kd6 42.Na4 Ba3 43.Ke2 Bb4 44.g4 Bd5 45.f3 Bc6 46.Bxc6 Kxc6 47.Kd3 Kb5 48.
Nc3+ Bxc3 49.Kxc3 a4 50.g3 Kc5 51.e4 Kb5 52.Kd4 Kb4 53.f4 a3 54.e5 a2 0-1

[Event "EU-chT Seniors 04th"]
[Site "Dresden"]
[Date "2002.02.25"]
[Round "1.2"]
[White "Starck, Bodo"]
[Black "Mueller, Siegmar"]
[Result "1-0"]
[WhiteElo "2261"]
[BlackElo "1827"]
[EventDate "2002.02.25"]
[PlyCount "75"]

1.d4 b6 2.e4 Bb7 3.f3 e6 4.Bd3 c5 5.c3 cxd4 6.cxd4 Nc6 7.Ne2 Bb4+ 8.Nbc3 
d5 9.Be3 Nge7 10.O-O Bxc3 11.bxc3 Ng6 12.e5 O-O 13.f4 f5 14.exf6 Qxf6 15.
Rf3 Nh4 16.Rh3 Nf5 17.Bf2 g6 18.g4 Ng7 19.Bh4 Qf7 20.Qe1 Na5 21.Bg5 Rac8 
22.Qh4 h5 23.gxh5 Nxh5 24.Bh6 Qf6 25.Bxf8 Rxf8 26.Rf1 Nc4 27.Qg4 Kf7 28.f5
exf5 29.Bxf5 Ke7 30.Qxg6 Qxg6+ 31.Bxg6 Rg8 32.Rxh5 Rxg6+ 33.Ng3 Nd6 34.
Rh7+ Ke6 35.Re1+ Kf6 36.Kf2 Bc8 37.Re5 Nb5 38.Nh5# 1-0

[Event "EU-chT Seniors 04th"]
[Site "Dresden"]
[Date "2002.02.25"]
[Round "1.2"]
[White "Starke, Burkhard"]
[Black "Baumbach, Friedrich"]
[Result "1/2-1/2"]
[WhiteElo "2052"]
[BlackElo "2323"]
[EventDate "2002.02.25"]
[PlyCount "85"]

1.Nf3 d5 2.b3 Bf5 3.Bb2 e6 4.e3 Nf6 5.Ne5 Bd6 6.f4 O-O 7.Be2 Nfd7 8.O-O c5
9.d3 Bxe5 10.fxe5 Qc7 11.Qe1 Nc6 12.Qg3 Ndxe5 13.Nd2 Rac8 14.Rf2 d4 15.e4 
Bg6 16.h4 h5 17.Qh3 f5 18.Raf1 Ng4 19.Rf4 Ne3 20.R1f3 Nxc2 21.Nc4 b5 22.
Qg3 Kh7 23.Bd1 N2b4 24.exf5 Rxf5 25.Rxf5 Qxg3 26.Rxg3 exf5 27.Nd6 Rb8 28.
a3 f4 29.Rxg6 Kxg6 30.axb4 Nxb4 31.Bc1 Rb6 32.Bxf4 Ra6 33.Bf3 Kf6 34.Bg5+ 
Ke6 35.Nxb5 Ra1+ 36.Kh2 Nxd3 37.Bxh5 Nc1 38.Bg4+ Kd5 39.Bf3+ Ke5 40.Nxa7 
Nxb3 41.Nc6+ Kd6 42.Bf4+ Ke6 43.Ne5 1/2-1/2

[Event "EU-chT Seniors 04th"]
[Site "Dresden"]
[Date "2002.02.25"]
[Round "1.2"]
[White "Vager, Boris"]
[Black "Kahn, Manfred"]
[Result "1-0"]
[WhiteElo "2309"]
[BlackElo "2171"]
[EventDate "2002.02.25"]
[PlyCount "113"]

1.d4 d5 2.Nf3 Nc6 3.Bf4 Bg4 4.e3 e6 5.Be2 Bd6 6.Bxd6 cxd6 7.O-O Nf6 8.Nbd2
O-O 9.h3 Bh5 10.c3 Rc8 11.Re1 Ne4 12.Nxe4 dxe4 13.Nd2 Bxe2 14.Qxe2 d5 15.
a3 e5 16.Nb3 exd4 17.cxd4 Qd6 18.Rac1 Ne7 19.Qb5 b6 20.Qa4 a5 21.Qb5 Rc6 
22.Qa6 Rfc8 23.Rxc6 Rxc6 24.Rc1 Rxc1+ 25.Nxc1 Qc6 26.Ne2 Nf5 27.Qa7 g6 28.
Nc3 Nd6 29.Qe7 b5 30.Qd8+ Kg7 31.Qxa5 h5 32.Qb4 Kf6 33.Qc5 Qxc5 34.dxc5 
Nc4 35.Nxd5+ Ke5 36.Nc3 Nxb2 37.Nxb5 Kd5 38.Nc3+ Kxc5 39.Nxe4+ Kd5 40.Ng5 
f6 41.Nh7 Nc4 42.a4 Ke6 43.Nf8+ Kf7 44.Nd7 Ke7 45.Nc5 Kd6 46.Nb3 Kc6 47.
Kf1 Nb2 48.a5 Kb5 49.Ke2 Nc4 50.Kd3 Kb4 51.Nd2 Nxa5 52.Kd4 Nc6+ 53.Kd5 Ne5
54.Ke6 Nd3 55.Kxf6 Nxf2 56.e4 Kc3 57.e5 1-0

[Event "EU-chT Seniors 04th"]
[Site "Dresden"]
[Date "2002.02.15"]
[Round "1.3"]
[White "Pietruske, Siegfried"]
[Black "Wade, Robert Graham"]
[Result "0-1"]
[WhiteElo "1949"]
[BlackElo "2224"]
[EventDate "2002.02.25"]
[PlyCount "105"]

1.e4 d6 2.d4 Nf6 3.Nc3 c6 4.f3 Nbd7 5.Be3 e5 6.Qd2 Be7 7.Nge2 b5 8.g4 Nb6 
9.Ng3 h6 10.Nf5 Bxf5 11.exf5 b4 12.Ne4 Nbd5 13.dxe5 dxe5 14.Bc4 Nxe4 15.
fxe4 Nxe3 16.Qxe3 Bg5 17.Qd3 Qb6 18.h4 Bf4 19.Bxf7+ Ke7 20.Qb3 Rhd8 21.Rd1
Rxd1+ 22.Kxd1 Qd4+ 23.Qd3 Rd8 24.Ke2 Kxf7 25.Rd1 Qxd3+ 26.Rxd3 Rxd3 27.
Kxd3 Ke7 28.Kc4 Bd2 29.Kc5 Kd7 30.g5 hxg5 31.hxg5 Bxg5 32.Kxb4 Bd2+ 33.Kc5
Kc7 34.b4 Be3+ 35.Kc4 Kb6 36.a4 a5 37.c3 Bf2 38.Kb3 Bh4 39.Kc4 Be7 40.Kb3 
Bf8 41.Kc4 Bd6 42.Kb3 Bb8 43.Kc4 Ba7 44.Kb3 axb4 45.cxb4 c5 46.Kc4 cxb4 
47.Kxb4 Kc6 48.Kc4 Bb6 49.Kb4 Bf2 50.Kc4 Be1 51.Kd3 Kc5 52.Ke2 Bb4 53.Ke3 
0-1

[Event "EU-chT Seniors 04th"]
[Site "Dresden"]
[Date "2002.02.25"]
[Round "1.3"]
[White "Eis, Helko"]
[Black "Gafke, Manfred"]
[Result "1-0"]
[WhiteElo "2108"]
[BlackElo "1723"]
[EventDate "2002.02.25"]
[PlyCount "92"]

1.Nf3 d5 2.c4 e6 3.e3 Nf6 4.b3 Be7 5.Bb2 O-O 6.Be2 Nbd7 7.O-O a6 8.d3 b6 
9.Nbd2 Bb7 10.cxd5 Nxd5 11.Nc4 c5 12.Nfe5 Nxe5 13.Bxe5 Bf6 14.Qd2 Bxe5 15.
Nxe5 Qe7 16.Rad1 Rac8 17.Nc4 b5 18.Na5 Ba8 19.a3 b4 20.axb4 cxb4 21.d4 Nc3
22.f3 Qg5 23.Nc4 Rc7 24.Bd3 Bd5 25.Ra1 Ra7 26.Ra5 Qd8 27.Rfa1 Bb7 28.Qf2 
f5 29.Qg3 Rf6 30.Ne5 f4 31.Qh4 h6 32.Ng4 fxe3 33.Nxf6+ Qxf6 34.Qxf6 gxf6 
35.Bxa6 Rxa6 36.Rxa6 Bxa6 37.Rxa6 Ne2+ 38.Kf1 Nxd4 39.Rd6 Nxb3 40.Rxe6 Kf7
41.Rxe3 Nc1 42.Re1 Nd3 43.Rb1 Kg6 44.Rb3 Ne5 45.Rxb4 h5 46.Ra4 Kg5 1-0

[Event "EU-chT Seniors 04th"]
[Site "Dresden"]
[Date "2002.02.25"]
[Round "1.3"]
[White "Krueger, Erich"]
[Black "Boeckenhaupt, Rudi"]
[Result "1-0"]
[WhiteElo "2215"]
[BlackElo "2170"]
[EventDate "2002.02.25"]
[PlyCount "74"]

1.d4 Nf6 2.c4 e6 3.Nc3 Bb4 4.e3 b6 5.Ne2 Bb7 6.a3 Be7 7.d5 O-O 8.Ng3 d6 9.
e4 e5 10.Nf5 Bc8 11.Nxe7+ Qxe7 12.Bg5 h6 13.Bh4 g5 14.Bg3 Kg7 15.Be2 Nxe4 
16.Nxe4 f5 17.Bd3 fxe4 18.Bxe4 Bf5 19.Bxf5 Rxf5 20.Qg4 Rf8 21.h4 Na6 22.b4
Rad8 23.hxg5 Qxg5 24.Qe2 Rde8 25.c5 Nb8 26.Rh4 Qf5 27.c6 Kh7 28.Rd1 Rg8 
29.b5 Qg6 30.Qe4 a6 31.a4 Qxe4+ 32.Rxe4 h5 33.Ke2 Rg5 34.Rh1 Kg6 35.Bh4 
Rg4 36.Rxg4+ hxg4 37.Bg3 e4 1-0

[Event "EU-chT Seniors 04th"]
[Site "Dresden"]
[Date "2002.02.25"]
[Round "1.3"]
[White "Lenk, Wolfgang"]
[Black "Golcman, Evgeny"]
[Result "1/2-1/2"]
[WhiteElo "2185"]
[BlackElo "2225"]
[EventDate "2002.02.25"]
[PlyCount "129"]

1.e4 e5 2.Nf3 Nc6 3.Bb5 g6 4.O-O Bg7 5.c3 d6 6.d4 Bd7 7.Bg5 Nge7 8.Bxc6 
Bxc6 9.dxe5 dxe5 10.Qe2 Qd7 11.Na3 f6 12.Bh4 O-O 13.Qc4+ Rf7 14.Rad1 Qe8 
15.Rfe1 Nc8 16.Qd3 Nd6 17.c4 Nxe4 18.Qc2 Nd6 19.Nd2 Nf5 20.Bg3 Rd8 21.Nb3 
Rfd7 22.Rxd7 Qxd7 23.f3 Nxg3 24.hxg3 Bf8 25.Nb1 Qd3 26.Qxd3 Rxd3 27.Kf2 a5
28.Ke2 Rd7 29.a3 b6 30.Nc3 Kf7 31.g4 Ke6 32.Rc1 a4 33.Nd2 Bh6 34.Rc2 Rd4 
35.Nce4 f5 36.g5 Bf8 37.Nc3 Be7 38.Nb5 Rd7 39.b4 axb3 40.Nxb3 Bxg5 41.a4 
Be7 42.a5 bxa5 43.Nxa5 Bxb5 44.cxb5 Rd5 45.Rxc7 Rxb5 46.Nc6 Bc5 47.Nd8+ 
Kd5 48.Rxh7 Rb2+ 49.Ke1 Rxg2 50.Rd7+ Kc4 51.Rc7 Kb5 52.Ne6 Be3 53.Nf8 g5 
54.Ng6 e4 55.fxe4 fxe4 56.Re7 Kc4 57.Rxe4+ Kd3 58.Rg4 Ra2 59.Ne5+ Kc3 60.
Rc4+ Kb3 61.Re4 Bf4 62.Nd3 Bg3+ 63.Kf1 Kc3 64.Nc1 Ra1 65.Re3+ 1/2-1/2

[Event "EU-chT Seniors 04th"]
[Site "Dresden"]
[Date "2002.02.25"]
[Round "1.3"]
[White "Morgner, Siegfried"]
[Black "Hampel, Johannes"]
[Result "0-1"]
[WhiteElo "1730"]
[BlackElo "2011"]
[EventDate "2002.02.25"]
[PlyCount "30"]

1.Nf3 d5 2.d4 Bf5 3.c4 e6 4.Nc3 Nf6 5.e3 Be7 6.Qb3 Nc6 7.Qxb7 Nb4 8.cxd5 
Nc2+ 9.Kd1 Nxa1 10.Bb5+ Kf8 11.e4 Nxe4 12.dxe6 Rb8 13.Qc6 Rb6 14.Qc4 Nxf2+
15.Ke2 Bd3+ 0-1

[Event "EU-chT Seniors 04th"]
[Site "Dresden"]
[Date "2002.02.25"]
[Round "1.3"]
[White "Netz, Siegfried"]
[Black "Kristiansen, Erling"]
[Result "1/2-1/2"]
[WhiteElo "1936"]
[BlackElo "2246"]
[EventDate "2002.02.25"]
[PlyCount "47"]

1.d4 Nf6 2.Nf3 b6 3.Bf4 Bb7 4.Nbd2 e6 5.e3 Be7 6.Bd3 c5 7.c3 Nc6 8.Ne5 d6 
9.Nxc6 Bxc6 10.Nf3 Ne4 11.h3 O-O 12.O-O f5 13.Qb3 Rf6 14.Bc4 d5 15.Be2 Be8
16.Qd1 Rf8 17.Ne5 c4 18.Bh5 g6 19.Be2 b5 20.Bh6 Rf6 21.f3 Ng3 22.Re1 Qc7 
23.Bg5 Rf8 24.Bh6 1/2-1/2

[Event "EU-chT Seniors 04th"]
[Site "Dresden"]
[Date "2002.02.25"]
[Round "1.3"]
[White "Niedermayr, Horst"]
[Black "Duemmke, Juergen"]
[Result "1/2-1/2"]
[WhiteElo "2172"]
[BlackElo "2209"]
[EventDate "2002.02.25"]
[PlyCount "57"]

1.e4 Nf6 2.e5 Nd5 3.d4 d6 4.f4 Bf5 5.Bd3 Bxd3 6.Qxd3 c6 7.Nf3 e6 8.O-O g6 
9.c4 Nb4 10.Qb3 d5 11.c5 a5 12.Bd2 b5 13.Bxb4 axb4 14.Qxb4 Na6 15.Qe1 Be7 
16.Na3 h5 17.Nc2 Ra7 18.a4 Qb8 19.Nb4 Nxb4 20.Qxb4 Qa8 21.b3 O-O 22.Qc3 
bxa4 23.Rxa4 Rxa4 24.bxa4 Qxa4 25.Ra1 Qb5 26.h3 Rb8 27.Kh2 Kg7 28.Qd2 Rb7 
29.Kg1 1/2-1/2

[Event "EU-chT Seniors 04th"]
[Site "Dresden"]
[Date "2002.02.25"]
[Round "1.3"]
[White "Petzold, Rolf"]
[Black "Schurig, Wilhelm"]
[Result "0-1"]
[WhiteElo "1640"]
[BlackElo "1959"]
[EventDate "2002.02.25"]
[PlyCount "39"]

1.d4 g6 2.c4 Bg7 3.Nc3 d6 4.e4 Nc6 5.Be3 e5 6.d5 Nce7 7.Nf3 f5 8.g3 Nf6 9.
Nd2 O-O 10.Bg2 f4 11.gxf4 exf4 12.Bd4 c5 13.Bxf6 Bxf6 14.h4 a6 15.Nf3 b5 
16.Qe2 b4 17.Nd1 Nf5 18.Qd2 Nd4 19.Nxd4 Bxd4 20.f3 0-1